Brady Bunch Quiz Stats

 Plays Quiz Updated Jul 10, 2017

     
Support Sporcle.
Go Orange.
Score 0/9 Timer 01:00
0 Plays Today
Who Name % Correct
Lovely GirlMarcia! Marcia! Marcia!
96.7%
Lovely GirlJan
90.5%
HousekeeperAlice
89.5%
Lovely GirlCindy
86.3%
Boy of his ownGreg
85.3%
Boy of his ownBobby
83.1%
Boy of his ownPeter
82.6%
MomCarol Brady
66.4%
DadMike Brady
65.8%

From the Vault

Anything but Mexico

by SpicyMcHaggis

We love our neighbor to the south, but Mexico just isn't allowed in this quiz.
Remove Ads.
Support Sporcle.
Get the best of Sporcle when you Go Orange. This ad-free experience offers more features, more stats, and more fun while also helping to support Sporcle. Thank you for becoming a member.

Show Comments

Extras

Top Quizzes Today


Score Distribution

Your Account Isn't Verified!

In order to create a playlist on Sporcle, you need to verify the email address you used during registration. Go to your Sporcle Settings to finish the process.

Report this User

Report this user for behavior that violates our Community Guidelines.

Details: